INTRODUCTION TO ALGORITHMS (Record no. 21081)

MARC details
000 -LEADER
fixed length control field 00356nam a22001577a 4500
003 - CONTROL NUMBER IDENTIFIER
control field SGT
020 ## - INTERNATIONAL STANDARD BOOK NUMBER
International Standard Book Number 9788120340077
082 ## - DEWEY DECIMAL CLASSIFICATION NUMBER
Classification number 005.1,COR
100 ## - MAIN ENTRY--PERSONAL NAME
Personal name CORMEN,THOMAS,H.
245 ## - TITLE STATEMENT
Title INTRODUCTION TO ALGORITHMS
250 ## - EDITION STATEMENT
Edition statement 3RD
260 ## - PUBLICATION, DISTRIBUTION, ETC. (IMPRINT)
Place of publication, distribution, etc NEW DELHI
Name of publisher, distributor, etc PHI LEARNING
Year of Publication 2021
300 ## - PAGE DESCRIPTION
No. of Pages 1292
650 ## - SUBJECT ADDED ENTRY--TOPICAL TERM
Topical term or geographic name as entry element COMPUTER SCIENCE
942 ## - ADDED ENTRY ELEMENTS (KOHA)
Source of classification or shelving scheme Dewey Decimal Classification
Koha item type Books
942 ## - ADDED ENTRY ELEMENTS (KOHA)
-- 5
Holdings
Withdrawn status Lost status Source of classification or shelving scheme Damaged status Not for loan Collection code Home library Current library Shelving location Date acquired Vendor Name Cost, normal purchase price SGTU Bill Number Total Checkouts Full call number Accession No. (Barcode) Date last seen Date last borrowed Bill Date Koha item type
    Dewey Decimal Classification     ENGINEERING SGT Engineering Library SGT Engineering Library Reference Book 27/04/2021 KIRTI PRAKASHAN 425.00 SGTU IN1949 8 005.1,COR FE8140 24/04/2026 13/04/2026 27/03/2021 Books